Thomas Hobbes.

Salvato in:
Dettagli Bibliografici
Autore principale: Bobbio, Norberto (autor)
Natura: Libro
Pubblicazione: Torino, Italia: Giulio Einaudi, 1989.
Serie:Piccola Biblioteca Einaudi, 516.
Soggetti:
Tags: Aggiungi Tag
Nessun Tag, puoi essere il primo ad aggiungerne!!

MARC

LEADER 00000cam a2200000 a 4500
001 UCD2918
003 CL-VaPUC
005 20220822114511.0
008 220620b1989 ||||| |||| 00| 0 eng d
999 |c 436119  |d 436117 
020 |a 88-06-11600-2 
040 |c Pontificia Universidad Católica de Valparaíso 
082 0 4 |a 320.092 BOB 1989  |b    |2 21 
100 |a Bobbio, Norberto  |e autor  |9 257371 
245 1 0 |a Thomas Hobbes. 
260 |a Torino, Italia:  |b Giulio Einaudi,   |c 1989. 
300 |a 218 páginas.  
490 |a Piccola Biblioteca Einaudi,  |v 516. 
500 |a c.1 Donación Familia Prof. Alejandro Guzmán Brito. 
583 |a last modification  |c 20160913 04:48:05  |k Cristina María Rojas Aguilar 
650 7 |a Teoría política   |2 CL-VaPUC  |9 586319 
650 7 |a Filosofía política   |2 CL-VaPUC  |9 586320 
942 |c BK  |2 ddc  |n 0 
952 |0 0  |1 0  |2 ddc  |4 0  |6 320_092000000000000_BOB_1989  |7 0  |8 C_AGB  |9 583851  |a BIBDER  |b BIBDER  |d 2022-06-20  |e Donación   |i 5651973  |o 320.092 BOB 1989  |p 5651973  |r 2023-01-25  |t 1  |w 2022-06-20  |y BK_US  |k AGB